Αντιπελάργηση : τιμητικός τόμος για τον Νικόλαο Α. Δημητρίου

Αποθηκεύτηκε σε:
Λεπτομέρειες βιβλιογραφικής εγγραφής
Συγγραφή απο Οργανισμό/Αρχή: Πνευματικό Ιδρυμα Σάμου "Νικόλαος Δημητρίου"
Μορφή: Βιβλίο
Γλώσσα:Greek
Δημοσίευση: Αθήνα : Πνευματικό Ίδρυμα Σάμου "Νικόλαος Δημητρίου", 1992
Σειρά:Βιβλιοθήκη επιστημονικών εκδόσεων = 1992 ; ; 2
Θέματα:
Ετικέτες: Προσθήκη ετικέτας
Δεν υπάρχουν, Καταχωρήστε ετικέτα πρώτοι!

MARC

LEADER 00000cam a2200000 i 4500
001 1/98130
008 950307s1992 gre d
020 |a 960-85305-1-2 
035 |l 10010821 
040 |a GR-MY-UA  |b gre  |e aacr 
041 0 |a gre 
082 0 |a 398.09495 
110 2 |a Πνευματικό Ιδρυμα Σάμου "Νικόλαος Δημητρίου". 
245 1 0 |a Αντιπελάργηση :  |b τιμητικός τόμος για τον Νικόλαο Α. Δημητρίου /  |c Πνευματικό Ίδρυμα Σάμου "Νικόλαος Δημητρίου" 
260 |a Αθήνα :   |b Πνευματικό Ίδρυμα Σάμου "Νικόλαος Δημητρίου",   |c 1992 
300 |a 566 σ.  |b εικ. 
490 1 |a Βιβλιοθήκη επιστημονικών εκδόσεων  |v ; 2 
650 0 0 |a Folklore  |z Greece  |z Samos (Municipality) . 
650 0 0 |a Folklore and history  |z Greece  |z Samos (Municipality) 
651 0 |a Samos (Greece : Municipality)  |x History. 
830 0 |a Βιβλιοθήκη επιστημονικών εκδόσεων = 1992 ;  |v ; 2 
852 |a INST  |b LESVOS  |e 19950307  |h 398.09495 ΑΝΤ  |p 005100002606  |q 005100002606  |t BK  |y 0 
852 |a INST  |b LESVOS  |e 20060720  |h 398.09495 ΑΝΤ  |p 005100036379  |q 005100036379  |t BK  |y 0 
901 |a BIBL1-2006-2 
909 |a Λ  |b 026526 
909 |a Λ  |b 124334 
922 |a 1ΕΛΗ  |b 199303  |c ΠΠ/3126